|
|
|
|
| LEADER |
00903nam a2200205 a 4500 |
| 001 |
00023708 |
| 008 |
111016b bg 0 0eng d |
| 010 |
|
|
|a 90643704
|
| 040 |
|
|
|a BD-DhAAL
|c BD-DhAAL
|
| 082 |
0 |
0 |
|a 343.54920402
|2 22
|
| 245 |
0 |
0 |
|a Summary of taxation rules in Bangladesh 2011-2012
|
| 260 |
|
|
|a Dhaka :
|b Metropolitan Chamber of Commerce and Industry.
|
| 300 |
|
|
|a v,xxiii,,170 p. ;
|c 29 cm.
|
| 500 |
|
|
|a Description based on: 2011-2012; title from cover.
|
| 541 |
|
|
|e 00023708
|
| 650 |
|
0 |
|a Taxation
|x Law and legislation
|z Bangladesh
|v Periodicals.
|
| 710 |
2 |
|
|a Metropolitan Chamber of Commerce and Industry, Dacca.
|
| 852 |
4 |
|
|a Ayesha Abed Library
|j General shelf
|
| 999 |
|
|
|c 11321
|d 11321
|
| 952 |
|
|
|0 0
|1 0
|2 ddc
|4 0
|6 343_549204020000000_SUM
|7 0
|9 18402
|a BRACUL
|b BRACUL
|c GEN
|d 2010-02-08
|e Development Book Agency
|g 200.00
|l 2
|m 17
|o 343.54920402 SUM
|p 3010023708
|r 2018-01-07
|s 2017-09-18
|t 1
|w 2011-10-16
|y BK
|